000 01229nam0a2200313 4500
001 RU\NLR\bibl\74243
005 20250616100943.0
021 _aRU
_b1999-37483
_91847
035 _a(NLR Aleph) 000072447
090 _a400165
_c400165
100 _a20000313d1999 |||y0rusy50 ca
101 0 _arus
102 _aRU
105 _aa |||||||||
200 1 _aМетоды социально-психологического изучения команд по игровым видам спорта
_eУчеб. метод. пособие
_fШинкарев Г.В.
_gМоск. гос. ун-т культуры
210 _aМ.
_cБ.и.
_d1999
215 _a25 с.
_cил.
_d20
320 _aБиблиогр.: с. 25 (14 назв.)
606 1 _aФутболисты
_jМетодические пособия
_xСоциально-психологические исследования
_92159639
_3RU\NLR\AUTH\661299802
686 _aЧ515.781.0
686 _aЮ943.578.10я78
700 1 _aШинкарев
_bГ. В.
_4070
801 0 _aRU
_bNLR
_c20000313
_gPSBO
801 1 _aRU
_bNLR
_c20000313
852 _aNLR
_j99-4/10801
942 _cBOOK
980 _aNB